The development directory: sources of information for the planning, funding and control of a new farm business. (Record no. 93323)

MARC details
000 -LEADER
fixed length control field 00897cam a2200301 4500
001 - CONTROL NUMBER
control field J3212
008 - FIXED-LENGTH DATA ELEMENTS--GENERAL INFORMATION
fixed length control field 090401t1995 xxu||||| |||| 00| 0 eng d
035 ## - SYSTEM CONTROL NUMBER
System control number (Sirsi) u53720
041 ## - LANGUAGE CODE
Language code of text/sound track or separate title eng
050 ## - LIBRARY OF CONGRESS CALL NUMBER
Classification number 631.1
110 ## - MAIN ENTRY--CORPORATE NAME
Corporate name or jurisdiction name as entry element Farm Development Review
9 (RLIN) 629
245 #4 - TITLE STATEMENT
Title The development directory: sources of information for the planning, funding and control of a new farm business.
250 ## - EDITION STATEMENT
Edition statement 2nd ed.
260 ## - PUBLICATION, DISTRIBUTION, ETC.
Place of publication, distribution, etc. Bradford
Name of publisher, distributor, etc. MCB University Press
Date of publication, distribution, etc. 1995
300 ## - PHYSICAL DESCRIPTION
Extent 40p. ; 30cm.
350 ## - PRICE (NR) (BK AM CF MU VM SE) [OBSOLETE]
Price 0
490 ## - SERIES STATEMENT
Series statement Farm Development Review
Volume/sequential designation Special Issue
520 ## - SUMMARY, ETC.
Summary, etc. Special issue of Farm Development Review, August 1995.
650 ## - SUBJECT ADDED ENTRY--TOPICAL TERM
Topical term or geographic name entry element ALTERNATIVE ENTERPRISES
650 ## - SUBJECT ADDED ENTRY--TOPICAL TERM
Topical term or geographic name entry element DEVELOPMENT DIRECTORY
650 ## - SUBJECT ADDED ENTRY--TOPICAL TERM
Topical term or geographic name entry element DIRECTORIES
650 ## - SUBJECT ADDED ENTRY--TOPICAL TERM
Topical term or geographic name entry element FARM BUSINESS
650 ## - SUBJECT ADDED ENTRY--TOPICAL TERM
Topical term or geographic name entry element FARMING
690 ## - LOCAL SUBJECT ADDED ENTRY--TOPICAL TERM (OCLC, RLIN)
Topical term or geographic name as entry element RURAL PRACTICE
700 ## - ADDED ENTRY--PERSONAL NAME
Personal name Williams, John
International Standard Serial Number Editor
942 ## - ADDED ENTRY ELEMENTS (KOHA)
Suppress in OPAC 0
948 ## - LOCAL PROCESSING INFORMATION (OCLC); SERIES PART DESIGNATOR (RLIN)
c (OCLC) 04/03/1997
Holdings
Withdrawn status Lost status Source of classification or shelving scheme Damaged status Not for loan Home library Current library Shelving location Date acquired Total Checkouts Full call number Barcode Date last seen Copy number Price effective from Koha item type
    Dewey Decimal Classification     London London Enquiry desk 22/08/1995   ENQUIRY DESK 30046417 06/08/2019 1 06/08/2019 Reference material